Reformas a la ley general de sociedades 19.550. ley 26.994 comentada. Código Civil y Comercial de la Nación. / Tomo I :

Guardado en:
Autor Principal: Vítolo, Daniel Roque.
Formato: Libro
Idioma:Spanish
Publicado: Santa Fe : Rubinzal Culzoni, 2015.
Edición:1a. ed.
Materias:
Etiquetas: Agregar Etiqueta
Sin Etiquetas, Sea el primero en etiquetar este registro!
LEADER 00637nam a22001695a 4500
001 DER.der015291
008 250911s2015####ag#||||||||||||||#||spa||
005 20251009093226.0
245 1 0 |a Reformas a la ley general de sociedades 19.550.  |n Tomo I :  |b ley 26.994 comentada. Código Civil y Comercial de la Nación. /  |c Daniel Roque Vitolo. 
250 |a 1a. ed. 
260 |a Santa Fe :  |b Rubinzal Culzoni,  |c 2015. 
300 |a 512 p. 
020 |a 9789873005732 
100 1 |a Vítolo, Daniel Roque. 
650 7 |a DERECHO SOCIETARIO 
859 |a DERECHO  |b BIB. DERECHO  |h 346.07  |i VIT  |p 008278  |3 Tomo I 
859 |a DERECHO  |b BIB. DERECHO  |h 346.07  |i VIT  |p 009466  |t 1  |3 Tomo I